| 000 | 00750nas a22002891ca4500 | ||
|---|---|---|---|
| 001 | z2241043 | ||
| 008 | 090220m1911 gw |||| 000u rus d | ||
| 041 | _arus | ||
| 245 | 0 | 0 |
_aPskovskaja gubernija : _b(Svod dannych ocennočno-statist. issledovanij) |
| 264 |
_aPskov : _bElektričeskaja tipgrafija Gubernskogo zemstva, _c[2009] |
||
| 362 | 0 | _a1.1911? | |
| 650 | 0 | _aWirtschaft | |
| 650 | 0 | _aProvinz | |
| 650 | 0 | _aLandwirtschaft | |
| 650 | 0 | _aDemographie | |
| 650 | 0 | _aBauern | |
| 650 | 0 | _a | |
| 651 | 0 | _aPskov | |
| 655 | 0 | _aStatistik | |
| 655 | 0 | _a | |
| 710 | 2 | _aStatističeskoe otdelenie Pskovskoj gubernskoj zemskoj upravy | |
| 910 | 0 | 0 | _a1.1911,2 |
| 942 | _cMG | ||
| 040 | _cRU-10907106 | ||
| 003 | RU-10907106 | ||
| 999 |
_c16961 _d16961 |
||